Sluneční štít

Bibliographic Details
Main Author: Bláha, Karel (Author)
Other Authors: Sabolićova-Zákorová, H. (Illuminator)
Format: Book
Language:Czech
PhysicalDescription:63 s. 8°
Published: Daruvar Jednota 1972

MARC

LEADER 00000nam a2200000 a 4500
001 vtls001343098
003 SK-MaSNL
005 20260301160505.0
008 240315s1972 HR 0 cze
035 |a SNK000296264 
040 |a SNK  |b slo  |c SNK  |e AACR2 
044 |a HR 
100 1 |a Bláha, Karel  |4 aut  |9 284147 
245 1 |a Sluneční štít  |c Karel Bláha ; ilustr. H. Sabolićová-Zákorová 
260 |a Daruvar  |b Jednota  |c 1972 
300 |a 63 s.  |c 8° 
700 1 |a Sabolićova-Zákorová, H.  |4 ilu  |9 522120 
958 |a OND 
999 |c 805713  |d 807643 
952 |t P60, <04>, [BOOK], {604}  |a SNK  |b SNK  |y VYP  |7 0  |o snkID 60470  |i snkV 2999/73  |0 0  |1 0  |4 0  |d 1998-09-25  |l 0  |r 2005-01-02 00:00:00  |w 2026-02-24 
952 |t P60, <04>, [BOOK], {604}  |a SNK  |b SNK  |y VYP  |7 0  |o snkID 60470 D1  |i snkV 3849/73  |0 0  |1 0  |4 0  |d 1998-09-25  |l 0  |r 2005-01-02 00:00:00  |w 2026-02-24